000 00564cam a2200169 4500
001 D7444
008 090401t xxu||||| |||| 00| 0 eng d
035 _a(Sirsi) u7427
041 _aeng
050 _a720
110 _aNational Joint Consultative Committee of ArchitectsQuantit
_91001
245 _aClient`s guide: the role of the client in the design of buildings; compiled by the National Joint Committee of Architects, Quantity Surveyors and Builders
260 _aLondon
_bRIBA Publications Ltd / NJCC
_cnd
350 _a0
942 _n0
948 _c04/03/1997
999 _c86415
_d86415